Statistics for Overwatch League Players

Click here to take the quiz!

General Stats

  • This quiz has been taken 189 times
    (156 since last reset)
  • The average score is 54 of 120

Answer Stats

TeamAnswer% Correct
OffenceHouston OutlawsJake
73%
FlexNew York ExcelsiorPine
73%
SupportNew York ExcelsiorJjonak
70%
OffenceLondon SpitfireProfit
69%
FlexDallas FuelSeagull
65%
TankHouston OutlawsMuma
64%
OffencePhiladelphia FusionCarpe
62%
SupportLos Angeles ValiantCusta
61%
OffenceLondon Spitfirebirdring
60%
FlexDallas FuelMickie
60%
TankLondon SpitfireGesture
59%
OffenceBoston UprisingSTRIKER
59%
OffenceDallas FuelTaimou
59%
TankNew York ExcelsiorMano
58%
OffenceSan Francisco Shocksinatraa
58%
OffenceLos Angeles GladiatorsSurefour
58%
FlexSan Francisco Shocksuper
57%
SupportNew York ExcelsiorArk
56%
TankDallas FuelOGE
56%
SupportHouston OutlawsRawkus
56%
OffenceDallas FuelaKm
55%
TankLos Angeles GladiatorsFissure
55%
TankNew York ExcelsiorMeko
55%
FlexPhiladelphia FusionPoko
55%
OffenceLos Angeles ValiantSoon
55%
FlexLos Angeles ValiantSpace
55%
OffenceFlorida MayhemTviQ
55%
SupportLondon SpitfireBdosin
53%
OffenceDallas FuelEFFECT
53%
FlexLondon SpitfireFury
53%
TankBoston UprisingNotE
53%
SupportSeoul Dynastyryujehong
53%
OffenceNew York ExcelsiorSaebyeolbe
53%
SupportPhiladelphia FusionBoombox
52%
TankBoston UprisingGamsu
52%
SupportBoston UprisingKellex
52%
OffenceNew York ExcelsiorLibero
52%
OffenceLos Angeles ValiantAgilities
51%
OffenceSan Francisco ShockDanteh
51%
OffenceSeoul DynastyFLETA
51%
SupportDallas FuelHarryHook
51%
SupportLondon SpitfireNUS
51%
OffenceFlorida MayhemSayaplayer
51%
TankHouston OutlawsCoolmatt
50%
OffencePhiladelphia FusionEqo
50%
TankLos Angeles ValiantFate
50%
TankShanghai DragonsGeguri
50%
SupportLos Angeles ValiantKariv
50%
SupportSan Francisco ShockMoth
50%
SupportDallas FuelUnkoe
50%
OffenceHouston OutlawsLiNkzr
49%
SupportLos Angeles GladiatorsBigGoose
48%
SupportSan Francisco Shocksleepy
47%
TankNew York ExcelsiorJanus
46%
OffenceBoston UprisingMistakes
46%
SupportBoston UprisingNeko
46%
SupportPhiladelphia FusionNeptuno
46%
SupportLos Angeles GladiatorsShaz
46%
OffenceSan Francisco ShockBABYBAY
45%
TankPhiladelphia Fusionfragi
45%
OffenceLos Angeles GladiatorsHydration
45%
OffenceFlorida MayhemLogix
45%
OffencePhiladelphia FusionShaDowBurn
45%
SupportHouston OutlawsBani
44%
SupportSeoul Dynastytobi
44%
TankDallas Fuelcocco
43%
TankSeoul DynastyMiro
43%
TankPhiladelphia FusionSADO
43%
SupportLondon SpitfireCloser
42%
OffenceShanghai DragonsDiya
42%
OffenceShanghai DragonsAdo
41%
SupportDallas FuelChipshajen
41%
FlexSan Francisco ShockNevix
41%
FlexLos Angeles GladiatorsBischu
40%
SupportHouston OutlawsBoink
40%
OffenceLos Angeles ValiantBunny
40%
FlexFlorida MayhemCWoosH
40%
FlexPhiladelphia FusionHotba
40%
FlexFlorida MayhemManneten
40%
SupportFlorida MayhemZebbosai
40%
SupportFlorida MayhemZuppeh
40%
TankLos Angeles GladiatorsiRemiix
39%
FlexHouston OutlawsSPREE
39%
OffenceShanghai DragonsUndead
39%
FlexSeoul DynastyZUNBA
39%
OffenceHouston OutlawsClockwork
38%
TankShanghai DragonsFearless
38%
TankSan Francisco ShockNomy
38%
FlexLos Angeles GladiatorsVoid
38%
OffenceLos Angeles GladiatorsAsher
37%
TankFlorida MayhemaWesomeGuy
37%
OffenceSeoul DynastyMunchkin
37%
FlexFlorida MayhemZappis
37%
FlexHouston OutlawsArhan
36%
SupportSan Francisco ShockdhaK
36%
TankHouston OutlawsFCTFCTN
36%
OffenceLos Angeles GladiatorsSilkthread
36%
OffencePhiladelphia FusionSnillo
36%
SupportLos Angeles ValiantVerbo
36%
FlexSeoul DynastyXepheR
36%
SupportBoston UprisingAvast
35%
TankBoston UprisingKalios
35%
SupportBoston UprisingSnow
35%
SupportShanghai DragonsFreefeel
33%
SupportPhiladelphia FusionDayFly
32%
OffenceLos Angeles ValiantKSF
32%
TankSeoul DynastyKuKi
32%
TankShanghai DragonsRoshan
31%
SupportShanghai DragonsAltering
30%
SupportPhiladelphia FusionJoemeister
29%
OffenceSan Francisco Shockiddqd
28%
OffenceHouston OutlawsMendokusaii
28%
TankLos Angeles ValiantNumlocked
27%
SupportShanghai DragonsFiveking
26%
FlexSeoul Dynastygido
26%
SupportShanghai DragonsSky
26%
TankShanghai DragonsXushu
26%
OffenceSeoul DynastyWekeed
25%
FlexLos Angeles ValiantFinnsi
23%
OffenceShanghai DragonsDaemin
22%

Score Distribution

Percentile by Number Answered

Percent of People with Each Score

Your Score History

You have not taken this quiz since the last reset